000 00265nam a2200097Ia 4500
008 240331s9999 xx 000 0 und d
082 _bOUR
100 _aSharma,M. ed
245 0 _aOur struggles our lives :
_btrue stories of the lives of Indian single women
942 _cL
999 _c1403
_d1403